000 00632cam a22002173a 4500
001 34177
003 PGUSA
005 20140828083734.0
008 101031s2010||||xxu|||||s|||||000 | eng d
040 _aPGUSA
_beng
042 _adc
100 1 _aEaton, Walter Prichard,
_d1878-1957
245 1 4 _aThe Idyl of Twin Fires
_h[electronic resource] /
_cWalter Prichard Eaton
260 _bProject Gutenberg,
_c2010
506 _aPublic domain in the USA.
516 _aElectronic text
700 1 _aFogarty, Thomas,
_d1873-1938
830 0 _aProject Gutenberg
_v34177
856 4 0 _uhttp://www.gutenberg.org/ebooks/34177
942 _cEB
999 _c263432
_d263432